[Event "FICGS class E 000197 email"]
[Site "FICGS email"]
[Date "2017.04.29"]
[Round "1"]
[White "Thomas, Lon"]
[Black "Rezack, Thomas"]
[Result "1-0"]
[WhiteElo "1200"]
[BlackElo "1315"]
[PlyCount "31"]
[EventDate "2017.??.??"]
[EventType "tourn (corr)"]
[EventRounds "5"]
[SourceTitle "Corr 2022"]
[Source "ChessBase"]
[SourceDate "2021.10.24"]
[SourceVersion "1"]
[SourceVersionDate "2021.10.24"]
[SourceQuality "1"]

1. e4 e5 2. Nf3 Nc6 3. d4 exd4 4. Bc4 Be7 5. c3 d6 6. cxd4 Nf6 7. Nc3 0-0 8. 0-0 Nxe4 9. Nxe4 d5 10. Bd3 dxe4 11. Bxe4 Bd7 12. Qd3 g6 13. Bh6 Re8 14. d5 Nb4 15. Qc3 c6 16. Qg7# 1-0

[Event "OP-2017-0-04301"]
[Site "LSS email"]
[Date "2017.03.16"]
[Round "?"]
[White "Thomas, Lon"]
[Black "Lenz, Juergen"]
[Result "0-1"]
[WhiteElo "1200"]
[BlackElo "1056"]
[PlyCount "62"]
[EventDate "2017.03.10"]
[EventType "tourn (corr)"]
[EventRounds "4"]
[EventCountry "GER"]
[SourceTitle "Corr 2022"]
[Source "ChessBase"]
[SourceDate "2021.10.24"]
[SourceVersion "1"]
[SourceVersionDate "2021.10.24"]
[SourceQuality "1"]

1. e4 Nf6 2. e5 Nd5 3. d4 d6 4. c4 Nb6 5. exd6 exd6 6. Nc3 Be7 7. Bd3 0-0 8. Nge2 Nc6 9. 0-0 Bg4 10. f3 Bh5 11. Nf4 Bg6 12. Nxg6 hxg6 13. f4 Nxd4 14. Bxg6 fxg6 15. Qxd4 Bf6 16. Qe4 Qe8 17. Qf3 c6 18. Bd2 Nxc4 19. Bc1 d5 20. Qd1 Qd8 21. b3 Bxc3 22. Rb1 Qb6+ 23. Kh1 Ne3 24. Bxe3 Qxe3 25. Rf3 Qd4 26. Qc2 Ba5 27. Qxg6 Qf6 28. f5 Qxg6 29. fxg6 Rxf3 30. gxf3 Re8 31. f4 Re2 0-1

[Event "OP-2017-0-04301"]
[Site "LSS email"]
[Date "2017.03.16"]
[Round "?"]
[White "Thomas, Lon"]
[Black "Peraza Balleste, Orlando"]
[Result "0-1"]
[WhiteElo "1200"]
[BlackElo "1747"]
[PlyCount "48"]
[EventDate "2017.03.10"]
[EventType "tourn (corr)"]
[EventRounds "4"]
[EventCountry "GER"]
[SourceTitle "Corr 2022"]
[Source "ChessBase"]
[SourceDate "2021.10.24"]
[SourceVersion "1"]
[SourceVersionDate "2021.10.24"]
[SourceQuality "1"]

1. e4 c5 2. Nc3 Nc6 3. f4 e6 4. Nf3 d5 5. Bb5 Nf6 6. e5 Nd7 7. Bxc6 bxc6 8. d3 Ba6 9. 0-0 c4 10. d4 Be7 11. Kh1 0-0 12. g4 c5 13. f5 Bb7 14. Bf4 a5 15. a4 Qb6 16. Qd2 cxd4 17. Nxd4 f6 18. Nxe6 d4+ 19. Nd5 Bxd5+ 20. Kg1 fxe5 21. Nxf8 Rxf8 22. Bg3 c3 23. bxc3 dxc3+ 24. Qf2 Bc5 0-1

[Event "OP-2016-0-04177"]
[Site "LSS email"]
[Date "2016.10.07"]
[Round "?"]
[White "Kuttner, Jaromir"]
[Black "Thomas, Lon"]
[Result "1-0"]
[WhiteElo "791"]
[BlackElo "1200"]
[PlyCount "33"]
[EventDate "2016.10.01"]
[EventType "tourn (corr)"]
[EventRounds "4"]
[EventCountry "GER"]
[SourceTitle "Corr 2022"]
[Source "ChessBase"]
[SourceDate "2021.10.24"]
[SourceVersion "1"]
[SourceVersionDate "2021.10.24"]
[SourceQuality "1"]

1. e4 c5 2. Nf3 g6 3. d4 cxd4 4. Qxd4 Nf6 5. e5 Nc6 6. Qh4 Nxe5 7. Nxe5 Qa5+ 8. Nc3 Qxe5+ 9. Be2 Bg7 10. Bf4 Qa5 11. 0-0 0-0 12. Rfe1 d6 13. Bf3 Qb4 14. Rab1 Re8 15. Nd5 Nxd5 16. Re4 Qc5 17. Rd1 1-0

[Event "OP-2014-0-03480"]
[Site "LSS email"]
[Date "2014.08.24"]
[Round "?"]
[White "Thomas, Lon"]
[Black "Martin, Hector Eduardo Lope"]
[Result "0-1"]
[WhiteElo "1200"]
[BlackElo "981"]
[PlyCount "50"]
[EventDate "2014.08.20"]
[EventType "tourn (corr)"]
[EventRounds "4"]
[EventCountry "GER"]
[SourceTitle "Corr 2015"]
[Source "ChessBase"]
[SourceDate "2015.07.17"]
[SourceVersion "1"]
[SourceVersionDate "2015.07.17"]
[SourceQuality "1"]

1. e4 e5 2. Nf3 Nf6 3. Nxe5 d6 4. Nf3 Nxe4 5. Nc3 Nxc3 6. dxc3 c5 7. Bf4 Bf5 8. Qe2+ Qe7 9. Qxe7+ Bxe7 10. 0-0-0 Be6 11. Bxd6 Bxd6 12. Rxd6 0-0 13. Bd3 h6 14. Re1 a5 15. a4 Nc6 16. Re4 Rad8 17. Rxd8 Rxd8 18. c4 Nb4 19. Re5 b6 20. Bf5 Bxc4 21. b3 Ba6 22. Re7 g6 23. Bd7 Bc8 24. Ne5 Bxd7 25. Nxd7 Nd5 0-1